<?xml version="1.0" encoding="UTF-8"?>
<collection xmlns="http://www.loc.gov/MARC21/slim">
    <record>
        <controlfield tag="001">13432</controlfield>
        <controlfield tag="005">20150325205429.0</controlfield>
        <datafield tag="037" ind1=" " ind2=" ">
            <subfield code="a">TAZ-PFC-2014-079</subfield>
        </datafield>
        <datafield tag="041" ind1=" " ind2=" ">
            <subfield code="a">spa</subfield>
        </datafield>
        <datafield tag="100" ind1="1" ind2=" ">
            <subfield code="a">Jiménez Martínez, David</subfield>
        </datafield>
        <datafield tag="245" ind1="0" ind2="0">
            <subfield code="a">Estudio del comportamiento de materiales compuestos de polietileno de ultra alto peso molecular reforzado con nanotubos de carbono multicapa</subfield>
        </datafield>
        <datafield tag="260" ind1=" " ind2=" ">
            <subfield code="a">Zaragoza</subfield>
            <subfield code="b">Universidad de Zaragoza</subfield>
            <subfield code="c">2014</subfield>
        </datafield>
        <datafield tag="506" ind1=" " ind2=" ">
            <subfield code="a">by-nc-sa</subfield>
            <subfield code="b">Creative Commons</subfield>
            <subfield code="c">3.0</subfield>
            <subfield code="u">http://creativecommons.org/licenses/by-nc-sa/3.0/</subfield>
        </datafield>
        <datafield tag="520" ind1=" " ind2=" ">
            <subfield code="a">El polietileno de ultra alto peso molecular es un termoplástico industrial que presenta valores altos de rigidez, resistencia al impacto y a la abrasión, así como un bajo coeficiente de fricción, debido fundamentalmente a su elevado peso molecular.    Además hay que destacar sus propiedades de autolubricación, y especialmente su biocompatibilidad. Ésta última y la alta resistencia al desgaste abrasivo son las propiedades que explican el alto interés clínico del PEUAPM y su amplio uso como material ortopédico, siendo la configuración más aceptada para la prótesis de cadera y de rodilla basada en el par de fricción metal-polietileno.    En el presente estudio se va a realizar la consolidación de mezclas homogéneas de PEUAPM y nanotubos multicapa de carbono, MWNTC/PEUAPM, mediante un proceso de termoconformado utilizando unas determinadas condiciones de tiempo y temperatura.    El objetivo general del estudio consiste en comprobar la influencia de incorporar nanotubos multicapa de carbono sobre el comportamiento térmico y mecánico del PEUAPM y los efectos de la irradiación gamma sobre estos materiales compuestos.     Con el fin de alcanzar los objetivos planteados, se llevaron a cabo diferentes tareas mediante el uso de diversas técnicas experimentales que permitieron la caracterización mecánica, térmica y microestructural del material termoconformado. También se llevó a cabo el estudio de la influencia de la irradiación sobre los composites.  </subfield>
        </datafield>
        <datafield tag="521" ind1=" " ind2=" ">
            <subfield code="a">Ingeniero Técnico Industrial (Esp. Química Industrial)</subfield>
        </datafield>
        <datafield tag="540" ind1=" " ind2=" ">
            <subfield code="a">Derechos regulados por licencia Creative Commons</subfield>
        </datafield>
        <datafield tag="700" ind1=" " ind2=" ">
            <subfield code="a">Martínez Morlanes, María José</subfield>
            <subfield code="e">dir.</subfield>
        </datafield>
        <datafield tag="710" ind1="2" ind2=" ">
            <subfield code="a">Universidad de Zaragoza</subfield>
            <subfield code="b">Ciencia y Tecnología de Materiales y Fluidos</subfield>
            <subfield code="c">Ciencia de los Materiales e Ingeniería Metalúrgica</subfield>
        </datafield>
        <datafield tag="720" ind1="2" ind2=" ">
            <subfield code="a">Mariscal Masot, María Dolores</subfield>
            <subfield code="e">ponente</subfield>
        </datafield>
        <datafield tag="856" ind1="0" ind2=" ">
            <subfield code="f">501584@celes.unizar.es</subfield>
        </datafield>
        <datafield tag="856" ind1="4" ind2=" ">
            <subfield code="s">6252822</subfield>
            <subfield code="u">http://zaguan.unizar.es/record/13432/files/TAZ-PFC-2014-079.pdf</subfield>
            <subfield code="y">Memoria (spa)</subfield>
        </datafield>
        <datafield tag="909" ind1="C" ind2="O">
            <subfield code="o">oai:zaguan.unizar.es:13432</subfield>
            <subfield code="p">proyectos-fin-carrera</subfield>
            <subfield code="p">driver</subfield>
        </datafield>
        <datafield tag="950" ind1=" " ind2=" ">
            <subfield code="a"></subfield>
        </datafield>
        <datafield tag="980" ind1=" " ind2=" ">
            <subfield code="a">TAZ</subfield>
            <subfield code="b">PFC</subfield>
            <subfield code="c">EINA</subfield>
        </datafield>
    </record>

    
</collection>